000 00938nam0a22002411 4500
001 rc\506402
005 20030616171945.4
035 _a(NLR Aleph) 005747065
090 _a4800081
_c4800081
100 _a20030616d1988 u |0rusy50 ca
101 0 _arus
102 _aRU
105 _ay |||||||||
200 1 _aБиостратиграфия и условия формирования альб-сеноманских отложений Крыма и Среднего Приднестровья
_eДис. на соиск. учен. степ. канд. геол.-минерал. наук
_fАН УССР, Ин-т геол. наук
210 _aКиев
_cБ. и.
_d1988
215 _a25 с.
320 _aБиблиогр.: с. 25 (5 назв.)
700 1 _aКиселевич
_bЛ. С.
_gЛеонид Сергеевич
801 0 _aRU
_bNLR
_gpsbo
801 1 _aRU
_bELAR
_2rusmarc
852 _aNLR
_jА88/26229
942 _cBOOK
980 _aNB